01984cam a22003614i 4500003000900000005001700009008004100026020001800067035002700085040003300112082002100145100005100166245019300217264008100410300005500491336002100546337002500567338002300592504002800615505062500643526000901268526000901277526000801286526000801294526000801302541001701310600005801327650005401385650005101439651006901490700003201559710003101591PE-LiUPU20250731183422.0150625s r 000 0 d a9789972335228 a(Sirsi) i9789972335228 aPE-LiUPUbspacPE-LiUPUerda04a741.683bC972211 aCurrarino Cámere, Humberto,d1944- ,eautor.10aLuis Sablich Solera, Editor gráfico del Callao, 1905 - 1930 :bcatálogo descriptivo de tarjetas postales de época /c[Humberto Currarino Cámere, Alberto Paz de la Vega Mayandía]. 1aLima :bCallao: Gobierno Regional del Callao,c2008 (Lima : Erba Gráfica). a124 páginas :bilustraciones ;c30 centímetros atext2rdacontent aunmediated2rdamedia avolume2rdacarrier aIncluye bibliografía.0 a-Tarjetas postales y cartofilia. -La tarjeta postal en el Perú. -Luis Sablich Solera. Editor de tarjetas postales (1882-1968). -El Callao de Luis Sablich Solera. -Luis Sablich en la edad de oro de la tarjeta postal (1905-1914). -Las primeras tarjetas postales ilustradas de Luis Sablich. -Las tarjetas postales litográficas en tricomía. -Primera guerra mundial (postales en la técnica del fotograbado, litografía y foto real). -Las postales impresas en cuatricromía. -La Era de la postal con borde blanco 1915-1930. -Catálogo descriptivo de las tarjetas postales peruanas editadas por Luis Sablich Solera. aP158 aP146 aP17 aP12 aP06 g0001-000037;1 aSablich Solera, Luis.d1882-1968vColecciones de arte04aTarjetas de visitazPerú - CallaovCatálogos.04aTarjetas de visitazPerú - CallaoxHistoria. aCallao (Perú : Provincia Constitucional)xHistoriay1905-1930.1 aPaz de la Vega M., Alberto.2 a.Callao. Gobierno Regional